000 00298nam a22001337a 4500
008 180208b xxu||||| |||| 00| 0 eng d
020 _a9780763705428
041 _aeng
080 _a616.073
100 _a6
101 _aGJEN
245 _aGenetics clinical practice
_cLea,D.H
942 _2udc
_cBK
999 _c42095
_d42095